Money and banking issues for the twenty-first century (Record no. 635429)

MARC details
000 -LEADER
fixed length control field 00765nam a2200241Ia 4500
003 - CONTROL NUMBER IDENTIFIER
control field OSt
005 - DATE AND TIME OF LATEST TRANSACTION
control field 20220926021009.0
008 - FIXED-LENGTH DATA ELEMENTS--GENERAL INFORMATION
fixed length control field 220923b |||||||| |||| 00| 0 eng d
037 ## - SOURCE OF ACQUISITION
Terms of availability General Book
040 ## - CATALOGING SOURCE
Original cataloging agency RTL
Transcribing agency RTL
Language of cataloging eng
041 ## - LANGUAGE CODE
Source of code eng
Language code of text/sound track or separate title eng
100 ## - MAIN ENTRY--PERSONAL NAME
Personal name Arestis Philip Ed.
9 (RLIN) 245074
245 #0 - TITLE STATEMENT
Title Money and banking issues for the twenty-first century
260 ## - PUBLICATION, DISTRIBUTION, ETC.
Place of publication, distribution, etc. New York
Name of publisher, distributor, etc. St. Martin press USA
Date of publication, distribution, etc. 1993
300 ## - PHYSICAL DESCRIPTION
Extent xxxiii, 319p. Bib chapterwise and p 304-11
Dimensions cm.
500 ## - GENERAL NOTE
General note Published previously as contemporary issues in money and banking
650 ## - SUBJECT ADDED ENTRY--TOPICAL TERM
Topical term or geographic name entry element Credit
9 (RLIN) 234994
942 ## - ADDED ENTRY ELEMENTS (KOHA)
Classification part X6jN23, N3
Koha item type General Books
Source of classification or shelving scheme Colon Classification (CC)
Holdings
Withdrawn status Lost status Damaged status Not for loan Home library Current library Date acquired Total Checkouts Full call number Barcode Date last seen Price effective from Koha item type
        Ratan Tata Library Ratan Tata Library 2022-09-26   X6jN23 N3 RT1052698 2022-09-26 2022-09-26 General Books
Copyright @ Delhi University Library System